Logo BPK

Biblioteka

Politechniki Koszalińskiej

Recyrkulacja w budowie maszyn : (Rekord nr 45671)

Szczegóły MARC
000 -ETYKIETA REKORDU
podpole kontrolne o stałej długości 01569nam a2200337 i 4500
001 - NUMER KONTROLNY REKORDU
pole kontrolne bg
020 ## - MIĘDZYNARODOWY ZNORMALIZOWANY NUMER KSIĄŻKI - ISBN
ISBN 8386827688
040 ## - ŹRÓDŁO KATALOGOWANIA
Instytucja, która utworzyła rekord BPK
041 0# - KOD JĘZYKA
Kod języka tekstu polengger
Kod języka streszczenia lub abstraktu enggerpol
080 ## - UNIWERSALNA KLASYFIKACJA DZIESIĘTNA - UKD
UKD 628.4/.5:621.01:504.05](061)
920 ## - Międzynarodowy znormalizowany numer książki – ISBN
ISBN 83-86827-68-8
008 - POLE O STAŁEJ DŁUGOŚCI - DANE KONTROLNE
podpole kontrolne o stałej długości s pl f |000 0 pol
245 00 - TYTUŁ/ODPOWIEDZIALNOŚĆ
Tytuł Recyrkulacja w budowie maszyn :
Ciąg dalszy tytułu VII ICMR'97 międzynarodowa konferencja naukowa, Bydgoszcz 12. /
Pozostałe elementy strefy tytułu i oznaczenia odpowiedzialności [oprac. red. Helena Ciara, Maciej Gryczka] ; Komitet Badań Naukowych w Warszawie, Wydział Mechaniczny. Akademia Techniczno-Rolnicza w Bydgoszczy
Oznaczenie części/sekcji dzieła 6.
-- 997.
246 14 - WARIANT TYTUŁU
Tytuł Internationale Conference on machinery recycling, 7
246 18 - WARIANT TYTUŁU
Tytuł Recyrkulacja'97
260 ## - STREFA ADRESU WYDAWNICZEGO
Miejsce wydania Bydgoszcz :
Nazwa wydawcy/dystrybutora Wydaw. OPO [Ośrodek Postępu Organizacyjnego],
Data publikacji, dystrybucji/powstania dokumentu 1997.
300 ## - STREFA OPISU FIZYCZNEGO
Objętość 344 s. :
Inne cechy fizyczne il. ;
Rozmiary 21 cm.
490 1# - STREFA SERII I DOKUMENTU WIELOCZĘŚCIOWEGO - FORMA NIE DO WYSZUKIWANIA
Tytuł i oznaczenie odpowiedzialności serii IM Inżynieria Maszyn ;
Numeracja w obrębie serii 7
500 ## - UWAGI OGÓLNE
Tekst uwagi Tyt okł. : VII Internationale Conference on machinery recycling : materiały konferencyjne. - Tyt. grzbiet. : Recyrkulacja'97. - U góry okł. : Recyrkulacja - Problemy umaszynowienia środowiska. - Tekst częśc. ang., niem. - Streszcz. ang., niem., pol. przy ref.
504 ## - UWAGA DOTYCZĄCA BIBLIOGRAFII
Informacje o bibliografii Bibliogr. przy mater.
650 #9 - HASŁO PRZEDMIOTOWE W FORMIE NAZWY OGÓLNEJ LUB JEDNOSTKOWEJ
Nazwa ogólna lub geograficzna Maszyny
Określnik ogólny materiały
650 #9 - HASŁO PRZEDMIOTOWE W FORMIE NAZWY OGÓLNEJ LUB JEDNOSTKOWEJ
Nazwa ogólna lub geograficzna Recykling
650 #9 - HASŁO PRZEDMIOTOWE W FORMIE NAZWY OGÓLNEJ LUB JEDNOSTKOWEJ
Nazwa ogólna lub geograficzna Środowisko człowieka
Określnik ogólny higiena i ochrona
655 ## - TERMIN INDEKSOWY - OKREŚLENIE RODZAJU/FORMY DOKUMENTU
Określenie rodzaju/formy dokumentu Materiały konferencyjne
700 1# - HASŁO DODATKOWE - NAZWA OSOBOWA
Nazwa osobowa CIARA, Helena.
Określenie związku między hasłem a opisywanym materiałem Red.
700 1# - HASŁO DODATKOWE - NAZWA OSOBOWA
Nazwa osobowa GRYCZKA, Maciej.
Określenie związku między hasłem a opisywanym materiałem Red.
710 #0 - HASŁO DODATKOWE - NAZWA CIAŁA ZBIOROWEGO
Nazwa ciała zbiorowego lub jednostki geograficznej Komitet Badań Naukowych (Warszawa)
710 #0 - HASŁO DODATKOWE - NAZWA CIAŁA ZBIOROWEGO
Nazwa ciała zbiorowego lub jednostki geograficznej Akademia Techniczno-Rolnicza (Bydgoszcz)
Nazwa jednostki podrzędnej Wydział Mechaniczny
830 ## - HASŁO DODATKOWE SERII LUB DOKUMENTU WIELOCZĘŚCIOWEGO - TYTUŁ UJEDNOLICONY
Tytuł ujednolicony IM Inżynieria Maszyn ;
942 ## - DODATKOWE ELEMENTY (KOHA)
Typ dokumentu Książka
Egzemplarze
Wycofany Status egzemplarza Uszkodzony Dostępność Lokalizacja stała Lokalizacja bieżąca Miejsce przechowywania Sygnatura Kod kreskowy Dział Typ dokumentu
      Tylko na miejscu Biblioteka Politechniki Koszalińskiej Biblioteka Politechniki Koszalińskiej Czytelnia BG 74700 02244198 628.5 Ochrona sanitarna w przemyśle Książka
© 2023 Biblioteka Politechniki Koszalińskiej :: KOHA